The Ring O' Bell Mystery (Record no. 4190)

MARC details
000 -LEADER
fixed length control field 00398nam a22001697a 4500
005 - DATE AND TIME OF LATEST TRANSACTION
control field 20160627111850.0
008 - FIXED-LENGTH DATA ELEMENTS--GENERAL INFORMATION
fixed length control field 160627b xxu||||| |||| 00| 0 eng d
020 ## - INTERNATIONAL STANDARD BOOK NUMBER
ISBN 978-1-84315-4
041 ## - LANGUAGE CODE
Language code of text/sound track or separate title eng
082 ## - DEWEY DECIMAL CLASSIFICATION NUMBER
Item number 10431
100 ## - MAIN ENTRY--AUTHOR NAME
Personal name Blyton, Enid
245 ## - TITLE STATEMENT
Title The Ring O' Bell Mystery
260 ## - PUBLICATION, DISTRIBUTION, ETC. (IMPRINT)
Name of publisher Avord Publication ltd
Year of publication 2007
300 ## - PHYSICAL DESCRIPTION
Number of Pages 276
650 ## - SUBJECT ADDED ENTRY--TOPICAL TERM
Topical Term Management
942 ## - ADDED ENTRY ELEMENTS (KOHA)
Koha item type Books
Holdings
Lost status Damaged status Home library Date acquired Cost, normal purchase price Full call number Accession Number Koha item type
    JRU Library 27/06/2016 140.00 10431 10431 Books